Desať dôvodov pre zlato
Spotreba a cena zlata vo svete. Dôvody na uchovávanie rezerv v zlate. Oslabenie amerického dolára. Inflácia ako výsledok súčasnej politiky Centrálnej banky USA. Nárast dlhov a zvýšenie úrokovej sadzby. Investičný dopyt po zlate akceleruje. Dopyt bánk po zlatých rezervách. Čína - narastajúci potenciá...
Na minha lista:
| Autor principal: | |
|---|---|
| Formato: | Capítulo de Livro |
| Idioma: | eslovaco |
| Assuntos: | |
| Tags: |
Sem tags, seja o primeiro a adicionar uma tag!
|
MARC
| LEADER | 00000naa$a2200000$$$4500 | ||
|---|---|---|---|
| 001 | 0007543 | ||
| 005 | 20230926070331.1 | ||
| 041 | 0 | |a slo | |
| 044 | |a SK | ||
| 245 | 1 | 0 | |a Desať dôvodov pre zlato |c aut. Ivan Polakovič |
| 520 | |a Spotreba a cena zlata vo svete. Dôvody na uchovávanie rezerv v zlate. Oslabenie amerického dolára. Inflácia ako výsledok súčasnej politiky Centrálnej banky USA. Nárast dlhov a zvýšenie úrokovej sadzby. Investičný dopyt po zlate akceleruje. Dopyt bánk po zlatých rezervách. Čína - narastajúci potenciál pre trh so zlatom. | ||
| 610 | 2 | 0 | |a zlato |
| 610 | 2 | 0 | |a cena zlata |
| 610 | 2 | 0 | |a trh zlata |
| 610 | 2 | 0 | |a dopyt trhový |
| 610 | 2 | 0 | |a rezervy bankové |
| 100 | 1 | |a Polakovič, Ivan | |